• 首页
  • 本馆介绍
  • 公告通知
  • 最新文献
  • 馆藏检索
  • 电子资源
  • 读者导购
  • 参考咨询
  • 我的图书馆
  • 登录
  • 详细信息显示
  • 放入我的书架
  • 预约/预借图书
  • 作者相关作品
  • 分类相关作品
  • 丛书相关作品
  • 出版社相关作品

书目信息

  • 表格格式
  • 工作单格式
  • 卡片格式
题名:
尚书
    
 
作者: 罗庆云 , 戴红贤 译注
分册:  
出版信息: 呼和浩特   远方出版社  2004.03
页数: 193页
开本: 20cm
丛书名:
单 册:
中图分类: I348
科图分类:
主题词: 文学
电子资源:
ISBN: 7-80595-913-7
000 00595nam0 2200205 450
001 2630426418
005 20260415082950.14
010    @a7-80595-913-7@dCNY6.80
100    @a20260415d2004 km y0chiy0120 ea
101 0  @achi
102    @aCN
200 1  @a尚书@AShang Shu@f罗庆云,戴红贤译注@FLuo Qing Yun,Dai Hong Xian Yi Zhu
210    @a呼和浩特@c远方出版社@d2004.03
215    @a193页@d20cm
606 0  @a文学
690    @aI348@v4
701  0 @a罗庆云@ALuo Qing Yun@4译注
701  0 @a戴红贤@ADai Hong Xian@4译注
801  0 @aCN@b大连网信软件有限公司图书馆·11@c20260415
905    @aZUCC@dI348@e486
    
    尚书/罗庆云,戴红贤译注.-呼和浩特:远方出版社,2004.03
    193页;20cm
    
    
    ISBN 7-80595-913-7:CNY6.80
    
●
相关链接 在E读中查询图书 在五车中查询图书 在当当中查询图书 在豆瓣中查询图书


正题名:尚书     索取号:I348/486         预约/预借

序号 登录号 条形码 馆藏地/架位号 状态 备注
1 1442319   214423195   第一样本阅览室/ [索取号:I348/486] 在馆    
唐山师范学院图书馆 欢迎您!
大连网信软件有限公司© 版权所有